Estilos alterntivos de desarrollo y problemas de la estructura social latinoamericana

Guardat en:
Dades bibliogràfiques
Autor corporatiu: Comisión económica para América Latina y el Caribe
Format: Text
Publicat: Santiago: CEPAL
Etiquetes: Afegir etiqueta
Sense etiquetes, Sigues el primer a etiquetar aquest registre!

MARC

LEADER 00000 a a2200000 04500
001 25208
003
040
090 |a 182100  
110 |a Comisión económica para América Latina y el Caribe  
245 |a Estilos alterntivos de desarrollo y problemas de la estructura social latinoamericana  
260 |a Santiago:   |b CEPAL  
300 |a 14 p.  
999 |c 1466  |d 1466